[Event "22nd Abu Dhabi Int. Chess Festival  Masters Tourna"]
[Site "Abu Dhabi"]
[Date "2015.08.23"]
[Round "1"]
[Board "23"]
[White "Mohammed, Zozek Salah Mohammed"]
[Black "Kravtsiv, Martyn"]
[Result "0-1"]
[WhiteElo "2225"]
[BlackElo "2599"]
[PlyCount "0"]
[EventDate "2015.08.23"]
[EventRounds "9"]
[EventCountry "UAE"]

1. d4 {[%clk 1:30:57]} Nf6 {[%clk 1:30:48]} 2. c4 {[%clk 1:31:19]} e6
{[%clk 1:31:13]} 3. Nc3 {[%clk 1:31:35]} Bb4 {[%clk 1:31:10]} 4. e3
{[%clk 1:31:44]} O-O {[%clk 1:31:07]} 5. Nge2 {[%clk 1:31:31]} c6
{[%clk 1:28:44]} 6. a3 {[%clk 1:31:32]} Ba5 {[%clk 1:29:05]} 7. b4
{[%clk 1:29:13]} Bc7 {[%clk 1:29:20]} 8. e4 {[%clk 1:28:37]} d5 {[%clk 1:15:25]}
9. e5 {[%clk 1:25:49]} Nfd7 {[%clk 1:15:09]} 10. Nf4 {[%clk 1:13:46]} a5
{[%clk 1:12:46]} 11. Rb1 {[%clk 1:08:11]} axb4 {[%clk 1:01:42]} 12. axb4
{[%clk 1:08:32]} Re8 {[%clk 0:46:57]} 13. Qg4 {[%clk 1:01:51]} Nxe5
{[%clk 0:40:10]} 14. dxe5 {[%clk 1:00:31]} Bxe5 {[%clk 0:40:38]} 15. Nd1
{[%clk 0:52:56]} g6 {[%clk 0:40:33]} 16. Be2 {[%clk 0:38:57]} Bg7
{[%clk 0:36:08]} 17. Qg3 {[%clk 0:31:55]} e5 {[%clk 0:36:19]} 18. Nh3
{[%clk 0:28:51]} Bf5 {[%clk 0:35:50]} 19. Rb3 {[%clk 0:25:51]} d4
{[%clk 0:33:12]} 20. Nb2 {[%clk 0:10:17]} Nd7 {[%clk 0:31:03]} 21. O-O
{[%clk 0:08:03]} Nf6 {[%clk 0:29:11]} 22. Bg5 {[%clk 0:04:55]} e4
{[%clk 0:29:02]} 23. Rd1 {[%clk 0:03:19]} d3 {[%clk 0:28:21]} 24. Bg4
{[%clk 0:00:32]} Bxg4 {[%clk 0:27:14]} 25. Bxf6 {[%clk 0:01:00]} Bxd1
{[%clk 0:26:50]} 0-1

[Event "22nd Abu Dhabi Int. Chess Festival  Masters Tourna"]
[Site "Abu Dhabi"]
[Date "2015.08.24"]
[Round "2"]
[Board "13"]
[White "Rakhmanov, Aleksandr"]
[Black "Padmini, Rout"]
[Result "1-0"]
[WhiteElo "2620"]
[BlackElo "2444"]
[PlyCount "0"]
[EventDate "2015.08.23"]
[EventRounds "9"]
[EventCountry "UAE"]

1. c4 {[%clk 1:30:56]} Nf6 {[%clk 1:30:49]} 2. Nf3 {[%clk 1:31:19]} g6
{[%clk 1:26:19]} 3. Nc3 {[%clk 1:31:23]} d5 {[%clk 1:26:42]} 4. cxd5
{[%clk 1:31:25]} Nxd5 {[%clk 1:27:07]} 5. Qb3 {[%clk 1:30:44]} Nb6
{[%clk 1:27:11]} 6. d4 {[%clk 1:30:54]} Bg7 {[%clk 1:27:11]} 7. Bf4
{[%clk 1:30:54]} Be6 {[%clk 1:16:58]} 8. Qa3 {[%clk 1:26:15]} Nc6
{[%clk 1:13:06]} 9. e3 {[%clk 1:25:50]} O-O {[%clk 0:56:27]} 10. Be2
{[%clk 1:23:42]} a5 {[%clk 0:43:57]} 11. O-O {[%clk 1:23:56]} Nb4
{[%clk 0:36:30]} 12. Rfc1 {[%clk 1:23:10]} Nc4 {[%clk 0:28:26]} 13. Bxc4
{[%clk 1:23:04]} Bxc4 {[%clk 0:28:54]} 14. Be5 {[%clk 1:20:36]} Nd3
{[%clk 0:17:52]} 15. Bxg7 {[%clk 1:15:29]} Kxg7 {[%clk 0:18:10]} 16. Rc2
{[%clk 1:12:21]} Nb4 {[%clk 0:14:08]} 17. Rd2 {[%clk 1:08:39]} c6
{[%clk 0:11:37]} 18. Qa4 {[%clk 0:55:19]} Be6 {[%clk 0:09:28]} 19. e4
{[%clk 0:47:34]} Qb6 {[%clk 0:05:49]} 20. h3 {[%clk 0:46:29]} Rfd8
{[%clk 0:05:11]} 21. Qd1 {[%clk 0:45:17]} f6 {[%clk 0:04:22]} 22. Qe2
{[%clk 0:36:03]} Bf7 {[%clk 0:04:08]} 23. a3 {[%clk 0:35:43]} Na6
{[%clk 0:04:33]} 24. Rc1 {[%clk 0:34:53]} Nc7 {[%clk 0:04:33]} 25. Qe3
{[%clk 0:28:14]} Qa7 {[%clk 0:02:17]} 26. Na4 {[%clk 0:24:43]} Na6
{[%clk 0:00:40]} 27. Qc3 {[%clk 0:21:22]} Nc7 {[%clk 0:00:43]} 28. Qe3
{[%clk 0:21:25]} Nb5 {[%clk 0:00:36]} 29. Nc5 {[%clk 0:20:54]} Nc7
{[%clk 0:00:34]} 30. Nh4 {[%clk 0:13:40]} Rac8 {[%clk 0:00:37]} 31. f4
{[%clk 0:13:38]} Nb5 {[%clk 0:00:33]} 32. Nf3 {[%clk 0:09:37]} Nd6
{[%clk 0:00:34]} 33. Rdc2 {[%clk 0:09:21]} a4 {[%clk 0:00:41]} 34. Kh2
{[%clk 0:08:37]} b6 {[%clk 0:00:53]} 35. Nd3 {[%clk 0:08:53]} Nb5
{[%clk 0:00:34]} 36. Nb4 {[%clk 0:06:31]} c5 {[%clk 0:00:48]} 37. dxc5
{[%clk 0:05:04]} bxc5 {[%clk 0:01:07]} 38. Rxc5 {[%clk 0:05:05]} Rxc5
{[%clk 0:01:01]} 39. Rxc5 {[%clk 0:01:46]} Rc8 {[%clk 0:01:11]} 40. Nd3
{[%clk 0:02:00]} Rd8 {[%clk 0:00:40]} 41. Nfe1 {[%clk 0:00:56]} Bc4
{[%clk 0:00:50]} 42. Qg1 {[%clk 0:00:40]} Bxd3 {[%clk 0:00:33]} 43. Nxd3
{[%clk 0:01:04]} Nd6 {[%clk 0:00:35]} 44. Rd5 {[%clk 0:01:00]} Qxg1+
{[%clk 0:00:52]} 45. Kxg1 {[%clk 0:01:29]} Rb8 {[%clk 0:01:13]} 46. Rd4
{[%clk 0:01:09]} Rb3 {[%clk 0:01:27]} 47. Kf1 {[%clk 0:00:39]} Nb5
{[%clk 0:01:20]} 48. Rd5 {[%clk 0:00:35]} Nd6 {[%clk 0:01:33]} 49. Rd4
{[%clk 0:00:49]} Nb5 {[%clk 0:01:59]} 50. Rb4 {[%clk 0:00:36]} Rxd3
{[%clk 0:01:34]} 51. Rxb5 {[%clk 0:01:02]} Rd2 {[%clk 0:01:55]} 52. Rb4
{[%clk 0:00:57]} h5 {[%clk 0:02:09]} 53. h4 {[%clk 0:01:02]} Kf7 {[%clk 0:00:56]}
54. f5 {[%clk 0:00:38]} gxf5 {[%clk 0:00:53]} 55. exf5 {[%clk 0:01:04]} Ke8
{[%clk 0:01:09]} 56. Kg1 {[%clk 0:01:05]} Kd7 {[%clk 0:01:13]} 57. Kh2
{[%clk 0:00:39]} Kd6 {[%clk 0:01:36]} 58. Rb7 {[%clk 0:00:35]} Ke5
{[%clk 0:01:11]} 59. Rxe7+ {[%clk 0:00:57]} Kxf5 {[%clk 0:01:38]} 60. Rb7
{[%clk 0:01:18]} Rd4 {[%clk 0:00:33]} 61. Rb5+ {[%clk 0:01:22]} Kg6
{[%clk 0:00:40]} 62. Rb4 {[%clk 0:01:32]} Rd2 {[%clk 0:00:58]} 63. Kg3
{[%clk 0:01:39]} Kf5 {[%clk 0:01:00]} 64. Rf4+ {[%clk 0:00:53]} Ke5
{[%clk 0:01:20]} 65. Rb4 {[%clk 0:00:44]} f5 {[%clk 0:01:15]} 66. Kf3
{[%clk 0:00:49]} Rc2 {[%clk 0:01:01]} 67. Rb5+ {[%clk 0:00:55]} Kf6
{[%clk 0:01:26]} 68. g3 {[%clk 0:00:50]} Rd2 {[%clk 0:01:49]} 69. Rb6+
{[%clk 0:00:44]} Ke5 {[%clk 0:02:16]} 70. Rb5+ {[%clk 0:01:11]} Kf6
{[%clk 0:02:41]} 71. Rb4 {[%clk 0:01:32]} Rc2 {[%clk 0:02:59]} 72. Rxa4
{[%clk 0:00:40]} Rxb2 {[%clk 0:03:26]} 73. Rb4 {[%clk 0:00:55]} Ra2
{[%clk 0:03:50]} 74. Rb3 {[%clk 0:01:15]} Ke5 {[%clk 0:00:58]} 75. Re3+
{[%clk 0:01:37]} Kf6 {[%clk 0:01:17]} 76. Kf4 {[%clk 0:02:00]} Rc2
{[%clk 0:01:05]} 77. Rb3 {[%clk 0:01:54]} Rc4+ {[%clk 0:01:20]} 78. Kf3
{[%clk 0:01:12]} Ra4 {[%clk 0:01:44]} 79. Ke2 {[%clk

[Event "22nd Abu Dhabi Int. Chess Festival  Masters Tourna"]
[Site "Abu Dhabi"]
[Date "2015.08.24"]
[Round "2"]
[Board "18"]
[White "Prohaszka, Peter"]
[Black "Karavade, Eesha"]
[Result "1/2-1/2"]
[WhiteElo "2602"]
[BlackElo "2409"]
[PlyCount "0"]
[EventDate "2015.08.23"]
[EventRounds "9"]
[EventCountry "UAE"]

1. d4 {[%clk 1:30:47]} d5 {[%clk 1:30:27]} 2. c4 {[%clk 1:31:04]} c6
{[%clk 1:30:49]} 3. cxd5 {[%clk 1:28:07]} cxd5 {[%clk 1:31:11]} 4. Bf4
{[%clk 1:28:33]} Nc6 {[%clk 1:31:13]} 5. Nc3 {[%clk 1:28:47]} e5 {[%clk 1:26:48]}
6. Bxe5 {[%clk 1:18:04]} Nxe5 {[%clk 1:24:45]} 7. dxe5 {[%clk 1:18:26]} d4
{[%clk 1:24:44]} 8. Ne4 {[%clk 1:18:22]} Bb4+ {[%clk 1:11:08]} 9. Nd2
{[%clk 1:18:44]} Ne7 {[%clk 1:10:25]} 10. a3 {[%clk 1:07:55]} Ba5
{[%clk 1:10:16]} 11. Ngf3 {[%clk 1:07:10]} O-O {[%clk 1:08:29]} 12. g3
{[%clk 1:04:38]} Bg4 {[%clk 0:49:21]} 13. Bg2 {[%clk 1:01:29]} d3
{[%clk 0:44:57]} 14. O-O {[%clk 0:50:50]} Nc6 {[%clk 0:33:34]} 15. Nc4
{[%clk 0:42:38]} Bc7 {[%clk 0:33:13]} 16. Qxd3 {[%clk 0:36:01]} Qxd3
{[%clk 0:31:52]} 17. exd3 {[%clk 0:36:29]} Rad8 {[%clk 0:28:51]} 18. Ne3
{[%clk 0:26:33]} Be6 {[%clk 0:15:14]} 19. Rac1 {[%clk 0:20:17]} Rxd3
{[%clk 0:15:29]} 20. Ng5 {[%clk 0:18:40]} Bxe5 {[%clk 0:14:59]} 21. Nxe6
{[%clk 0:14:19]} fxe6 {[%clk 0:15:18]} 22. Bxc6 {[%clk 0:11:51]} bxc6
{[%clk 0:15:38]} 23. Rc2 {[%clk 0:12:06]} Rb3 {[%clk 0:12:54]} 24. Nc4
{[%clk 0:09:52]} Bd4 {[%clk 0:13:22]} 25. Re1 {[%clk 0:10:06]} e5
{[%clk 0:12:08]} 26. Ree2 {[%clk 0:09:33]} Rfb8 {[%clk 0:09:13]} 27. Nxe5
{[%clk 0:07:23]} Bxe5 {[%clk 0:09:41]} 28. Rxe5 {[%clk 0:07:48]} Rxb2
{[%clk 0:09:36]} 29. Rxc6 {[%clk 0:05:41]} Rf8 {[%clk 0:09:42]} 30. Re7
{[%clk 0:05:24]} Rbxf2 {[%clk 0:06:32]} 31. Rcc7 {[%clk 0:01:25]} Rf1+
{[%clk 0:05:21]} 32. Kg2 {[%clk 0:01:54]} R1f2+ {[%clk 0:05:42]} 33. Kh3
{[%clk 0:02:14]} R8f7 {[%clk 0:02:54]} 34. Rxa7 {[%clk 0:01:48]} Rxe7
{[%clk 0:03:21]} 35. Rxe7 {[%clk 0:02:15]} Ra2 {[%clk 0:03:44]} 36. Ra7
{[%clk 0:02:02]} h5 {[%clk 0:03:45]} 37. g4 {[%clk 0:01:52]} hxg4+
{[%clk 0:04:01]} 38. Kg3 {[%clk 0:02:21]} Kh7 {[%clk 0:04:13]} 39. a4
{[%clk 0:02:44]} Kh6 {[%clk 0:04:20]} 40. a5 {[%clk 0:02:59]} Kh7
{[%clk 0:04:14]} 41. Ra6 {[%clk 0:01:01]} Ra4 {[%clk 0:04:33]} 42. Ra8
{[%clk 0:01:12]} Kg6 {[%clk 0:04:20]} 43. Ra7 {[%clk 0:00:46]} Kh7
{[%clk 0:04:30]} 44. a6 {[%clk 0:01:06]} Kg6 {[%clk 0:04:26]} 45. Kh4
{[%clk 0:01:18]} Kh6 {[%clk 0:04:03]} 46. Ra8 {[%clk 0:01:23]} Kg6
{[%clk 0:04:26]} 47. a7 {[%clk 0:00:54]} Kh7 {[%clk 0:04:46]} 48. Kg5
{[%clk 0:00:34]} Ra5+ {[%clk 0:05:05]} 49. Kxg4 {[%clk 0:00:43]} Ra4+
{[%clk 0:05:29]} 50. Kf5 {[%clk 0:01:11]} Ra5+ {[%clk 0:05:49]} 51. Ke4
{[%clk 0:01:36]} Ra4+ {[%clk 0:06:12]} 52. Kd5 {[%clk 0:02:04]} Ra5+
{[%clk 0:06:23]} 53. Kc4 {[%clk 0:02:25]} Ra4+ {[%clk 0:06:40]} 54. Kc5
{[%clk 0:02:51]} Ra1 {[%clk 0:07:05]} 55. h4 {[%clk 0:03:14]} Ra2
{[%clk 0:07:29]} 56. Kb4 {[%clk 0:02:41]} Ra1 {[%clk 0:07:18]} 57. Kc3
{[%clk 0:00:40]} Ra2 {[%clk 0:07:37]} 1/2-1/2

[Event "22nd Abu Dhabi Int. Chess Festival  Masters Tourna"]
[Site "Abu Dhabi"]
[Date "2015.08.24"]
[Round "2"]
[Board "20"]
[White "Kravtsiv, Martyn"]
[Black "Nezad, Husein Aziz"]
[Result "1-0"]
[WhiteElo "2599"]
[BlackElo "2404"]
[PlyCount "0"]
[EventDate "2015.08.23"]
[EventRounds "9"]
[EventCountry "UAE"]

1. Nf3 {[%clk 1:30:56]} d5 {[%clk 1:30:41]} 2. c4 {[%clk 1:30:47]} c6
{[%clk 1:30:55]} 3. g3 {[%clk 1:31:05]} Bg4 {[%clk 1:31:09]} 4. Bg2
{[%clk 1:30:21]} e6 {[%clk 1:31:01]} 5. cxd5 {[%clk 1:26:55]} Bxf3
{[%clk 1:28:38]} 6. Bxf3 {[%clk 1:27:01]} cxd5 {[%clk 1:29:02]} 7. O-O
{[%clk 1:24:22]} Nc6 {[%clk 1:28:56]} 8. Nc3 {[%clk 1:23:07]} Nf6
{[%clk 1:29:17]} 9. d4 {[%clk 1:16:33]} Be7 {[%clk 1:28:30]} 10. e3
{[%clk 1:15:47]} O-O {[%clk 1:28:31]} 11. Bd2 {[%clk 1:15:57]} Qd7
{[%clk 1:25:38]} 12. Qe2 {[%clk 1:13:46]} Rfc8 {[%clk 1:24:13]} 13. Rfd1
{[%clk 1:12:45]} Bd8 {[%clk 1:11:15]} 14. Be1 {[%clk 1:07:07]} Ne7
{[%clk 1:11:31]} 15. b3 {[%clk 1:05:27]} Nf5 {[%clk 1:06:29]} 16. Na4
{[%clk 1:05:27]} Be7 {[%clk 1:05:54]} 17. Qf1 {[%clk 1:03:36]} Ba3
{[%clk 0:58:30]} 18. Be2 {[%clk 1:01:33]} Qe7 {[%clk 0:50:52]} 19. Bd3
{[%clk 0:54:59]} Rc6 {[%clk 0:49:26]} 20. Rab1 {[%clk 0:47:33]} Bb4
{[%clk 0:42:35]} 21. Rbc1 {[%clk 0:41:36]} Rac8 {[%clk 0:42:41]} 22. Rxc6
{[%clk 0:38:20]} Rxc6 {[%clk 0:42:44]} 23. Bxb4 {[%clk 0:38:42]} Qxb4
{[%clk 0:43:07]} 24. Rc1 {[%clk 0:38:54]} Ne7 {[%clk 0:37:00]} 25. Rxc6
{[%clk 0:38:46]} Nxc6 {[%clk 0:37:25]} 26. Qc1 {[%clk 0:38:51]} g6
{[%clk 0:35:14]} 27. Nc5 {[%clk 0:36:14]} Ne8 {[%clk 0:33:12]} 28. a3
{[%clk 0:33:49]} Qb6 {[%clk 0:33:21]} 29. b4 {[%clk 0:34:10]} Nd6
{[%clk 0:31:24]} 30. h4 {[%clk 0:33:55]} Ne7 {[%clk 0:27:02]} 31. Qc2
{[%clk 0:28:47]} Qc7 {[%clk 0:25:35]} 32. a4 {[%clk 0:26:45]} h5 {[%clk 0:21:45]}
33. b5 {[%clk 0:22:38]} b6 {[%clk 0:11:35]} 34. Na6 {[%clk 0:22:49]} Qxc2
{[%clk 0:11:59]} 35. Bxc2 {[%clk 0:23:15]} Kf8 {[%clk 0:10:25]} 36. Nb4
{[%clk 0:22:49]} Ke8 {[%clk 0:10:18]} 37. f3 {[%clk 0:22:46]} Ndf5
{[%clk 0:08:36]} 38. Kf2 {[%clk 0:22:28]} Kd7 {[%clk 0:06:58]} 39. Bd3
{[%clk 0:18:39]} Kd6 {[%clk 0:06:48]} 40. Nc2 {[%clk 0:18:59]} Kd7
{[%clk 0:06:21]} 41. e4 {[%clk 0:16:21]} Nh6 {[%clk 0:04:12]} 42. Be2
{[%clk 0:13:31]} Kd6 {[%clk 0:03:03]} 43. e5+ {[%clk 0:12:26]} Kd7
{[%clk 0:03:28]} 44. g4 {[%clk 0:12:51]} Ke8 {[%clk 0:01:30]} 45. Kg3
{[%clk 0:10:51]} Kf8 {[%clk 0:01:50]} 46. Nb4 {[%clk 0:09:57]} hxg4
{[%clk 0:01:37]} 47. fxg4 {[%clk 0:10:22]} Kg7 {[%clk 0:01:57]} 48. Kf4
{[%clk 0:09:55]} Nhg8 {[%clk 0:02:09]} 49. Kg5 {[%clk 0:09:18]} Nh6
{[%clk 0:01:58]} 50. Nc6 {[%clk 0:08:14]} Nc8 {[%clk 0:02:27]} 51. Bd3
{[%clk 0:06:13]} Ng8 {[%clk 0:02:51]} 52. h5 {[%clk 0:04:46]} gxh5
{[%clk 0:03:14]} 53. gxh5 {[%clk 0:05:13]} Nh6 {[%clk 0:03:24]} 54. Bf1
{[%clk 0:04:55]} Nf5 {[%clk 0:01:57]} 55. Bd3 {[%clk 0:04:58]} Nh6
{[%clk 0:02:21]} 56. Bb1 {[%clk 0:05:03]} Ng8 {[%clk 0:02:45]} 57. Bc2
{[%clk 0:05:19]} Nh6 {[%clk 0:03:10]} 58. Bd3 {[%clk 0:05:38]} Ng8
{[%clk 0:03:39]} 59. Bf1 {[%clk 0:06:01]} Nh6 {[%clk 0:04:05]} 60. Bh3
{[%clk 0:06:27]} Ng8 {[%clk 0:04:23]} 61. Bg4 {[%clk 0:06:16]} Nh6
{[%clk 0:04:44]} 62. Nd8 {[%clk 0:06:05]} Ng8 {[%clk 0:03:20]} 63. Nxe6+
{[%clk 0:04:59]} fxe6 {[%clk 0:03:42]} 64. Bxe6 {[%clk 0:05:26]} Nce7
{[%clk 0:03:03]} 65. Bxg8 {[%clk 0:05:49]} Nxg8 {[%clk 0:03:04]} 66. e6
{[%clk 0:05:53]} Ne7 {[%clk 0:01:07]} 67. h6+ {[%clk 0:05:45]} Kh7
{[%clk 0:01:36]} 68. Kf6 {[%clk 0:03:35]} Ng8+ {[%clk 0:02:05]} 69. Kg5
{[%clk 0:00:34]} Ne7 {[%clk 0:01:32]} 70. Kf6 {[%clk 0:00:57]} Ng8+
{[%clk 0:02:02]} 71. Ke5 {[%clk 0:00:38]} Kxh6 {[%clk 0:02:30]} 72. Kxd5
{[%clk 0:01:02]} Kg6 {[%clk 0:02:51]} 73. Ke5 {[%clk 0:00:36]} Kg7
{[%clk 0:01:36]} 74. d5 {[%clk 0:01:01]} Kf8 {[%clk 0:01:59]} 75. d6
{[%clk 0:01:27]} Ke8 {[%clk 0:01:39]} 76. Kf5 {[%clk 0:01:24]} Kf8
{[%clk 0:00:52]} 77. Kg5 {[%clk 0:01:16]} Ke8 {[%clk 0:00:45]} 78. Kg6
{[%clk 0:01:36]} Kd8 {[%clk 0:00:53]} 79. Kf7 {[%clk 0:01

[Event "22nd Abu Dhabi Int. Chess Festival  Masters Tourna"]
[Site "Abu Dhabi"]
[Date "2015.08.24"]
[Round "2"]
[Board "45"]
[White "Soumya, Swaminathan"]
[Black "Ahmad, Al Khatib"]
[Result "1/2-1/2"]
[WhiteElo "2325"]
[BlackElo "2138"]
[PlyCount "0"]
[EventDate "2015.08.23"]
[EventRounds "9"]
[EventCountry "UAE"]

1. e4 c5 2. Nf3 g6 3. d4 cxd4 4. Nxd4 Bg7 5. Nc3 Nc6 6. Be3 Nf6 7. Bc4 Qa5 8. O-O
d6 9. h3 O-O 10. Bb3 Bd7 11. Re1 Nxd4 12. Bxd4 Bc6 13. Nd5 Rfe8 14. Bc3 Qd8 15.
Nxf6+ {[%clk 1:19:29]} Bxf6 {[%clk 1:04:48]} 16. Bxf6 {[%clk 1:18:22]} exf6
{[%clk 1:05:16]} 17. Qd4 {[%clk 0:53:49]} Re5 {[%clk 1:01:43]} 18. f4
{[%clk 0:43:15]} Re8 {[%clk 0:58:50]} 19. Re3 {[%clk 0:39:43]} f5
{[%clk 0:49:47]} 20. exf5 {[%clk 0:37:45]} Rxe3 {[%clk 0:49:56]} 21. Qxe3
{[%clk 0:36:13]} Qf6 {[%clk 0:49:49]} 22. fxg6 {[%clk 0:35:50]} hxg6
{[%clk 0:42:25]} 23. Rf1 {[%clk 0:36:07]} Re8 {[%clk 0:33:40]} 24. Qd2
{[%clk 0:34:14]} a5 {[%clk 0:08:43]} 25. c3 {[%clk 0:30:54]} a4 {[%clk 0:08:16]}
26. Bd5 {[%clk 0:29:54]} a3 {[%clk 0:06:22]} 27. bxa3 {[%clk 0:26:15]} Bxd5
{[%clk 0:03:03]} 28. Qxd5 {[%clk 0:26:42]} Qxc3 {[%clk 0:03:08]} 29. Qxd6
{[%clk 0:26:50]} Re2 {[%clk 0:02:32]} 30. Qb8+ {[%clk 0:18:39]} Kg7
{[%clk 0:03:00]} 31. f5 {[%clk 0:14:30]} Qc6 {[%clk 0:00:59]} 32. Qg3
{[%clk 0:09:59]} Rxa2 {[%clk 0:01:14]} 33. f6+ {[%clk 0:09:36]} Kh7
{[%clk 0:01:07]} 34. Rf4 {[%clk 0:04:56]} Rc2 {[%clk 0:00:33]} 35. Kh2
{[%clk 0:03:35]} Kg8 {[%clk 0:00:34]} 36. Qg5 {[%clk 0:01:21]} b5
{[%clk 0:00:36]} 37. h4 {[%clk 0:01:08]} Kf8 {[%clk 0:00:31]} 38. Rg4
{[%clk 0:00:32]} Qd6+ {[%clk 0:00:42]} 39. Kh3 {[%clk 0:00:41]} Qd3+
{[%clk 0:00:54]} 40. Rg3 {[%clk 0:00:55]} Qd1 {[%clk 0:00:38]} 41. Kh2
{[%clk 0:00:58]} Qd6 {[%clk 0:00:33]} 42. Qh6+ Ke8 43. Qg7 {[%clk 0:01:12]} Rxg2+
{[%clk 0:00:37]} 44. Kxg2 {[%clk 0:01:37]} Qd2+ {[%clk 0:00:48]} 45. Kh3
{[%clk 0:01:46]} Qd7+ {[%clk 0:01:11]} 46. Kh2 {[%clk 0:01:19]} Qd2+
{[%clk 0:01:40]} 47. Kh3 {[%clk 0:01:45]} Qd7+ {[%clk 0:02:03]} 48. Rg4
{[%clk 0:01:41]} Qd3+ {[%clk 0:02:28]} 49. Rg3 {[%clk 0:00:44]} Qe2 50. Kh2 Qd2+
51. Kh1 1/2-1/2

[Event "22nd Abu Dhabi Int. Chess Festival  Masters Tourna"]
[Site "Abu Dhabi"]
[Date "2015.08.24"]
[Round "2"]
[Board "47"]
[White "Mansour, Sameer"]
[Black "Ayyad, Maher"]
[Result "1/2-1/2"]
[WhiteElo "2292"]
[BlackElo "2122"]
[PlyCount "0"]
[EventDate "2015.08.23"]
[EventRounds "9"]
[EventCountry "UAE"]

1. d4 d5 2. c4 e6 3. Nc3 Nf6 4. Nf3 c6 5. e3 Nbd7 6. Bd3 Bd6 7. O-O O-O 8. e4
dxc4 9. Bxc4 e5 10. Bg5 Qe7 11. d5 Nb6 12. Bb3 cxd5 13. Nxd5 Nbxd5 14. Bxd5 Be6
15. Bxf6 Qxf6 16. Bxb7 Rad8 17. Bd5 Bg4 18. Qd3 Bxf3 19. Qxf3 Qxf3 20. gxf3 Rb8
21. b3 Rfc8 22. Rac1 Ba3 23. Rxc8+ Rxc8 24. Rd1 Rc1 25. Rxc1 Bxc1 26. Kf1 Kf8 27.
Ke2 Ke7 28. Kd3 Bb2 29. b4 Bd4 30. Ke2 f6 31. Bg8 h5 32. Kf1 g5 33. Bh7 Kd6 34.
Bg6 h4 35. Kg2 Bc3 36. b5 Kc5 37. Kh3 Kxb5 38. Kg4 Be1 39. Kf5 Bxf2 40. Kxf6 Bg3
41. Kxg5 h3 42. Bf5 Bxh2 43. Bxh3 Kb4 44. Kf6 a5 45. Kxe5 1/2-1/2

[Event "22nd Abu Dhabi Int. Chess Festival  Masters Tourna"]
[Site "Abu Dhabi"]
[Date "2015.08.25"]
[Round "3"]
[Board "8"]
[White "Papp, Gabor"]
[Black "Vakhidov, Jahongir"]
[Result "1/2-1/2"]
[WhiteElo "2601"]
[BlackElo "2525"]
[PlyCount "0"]
[EventDate "2015.08.23"]
[EventRounds "9"]
[EventCountry "UAE"]

1. e4 {[%clk 1:30:57]} d5 {[%clk 1:26:54]} 2. exd5 {[%clk 1:31:21]} Qxd5
{[%clk 1:27:07]} 3. Nc3 {[%clk 1:31:45]} Qd6 {[%clk 1:27:16]} 4. d4
{[%clk 1:31:51]} Nf6 {[%clk 1:27:28]} 5. Nf3 {[%clk 1:32:07]} g6 {[%clk 1:27:40]}
6. Nb5 {[%clk 1:31:55]} Qd8 {[%clk 1:27:52]} 7. c4 {[%clk 1:31:42]} c6
{[%clk 1:28:06]} 8. Nc3 {[%clk 1:31:45]} Bg4 {[%clk 1:28:17]} 9. Be2
{[%clk 1:30:54]} Bg7 {[%clk 1:28:24]} 10. O-O {[%clk 1:30:06]} O-O
{[%clk 1:28:34]} 11. Be3 {[%clk 1:28:20]} Ne8 {[%clk 1:28:41]} 12. Qb3
{[%clk 1:23:38]} Qc7 {[%clk 1:24:36]} 13. Rad1 {[%clk 1:20:49]} Nd7
{[%clk 1:23:39]} 14. Bg5 {[%clk 1:13:42]} Bf6 {[%clk 1:22:33]} 15. Bxf6
{[%clk 1:06:35]} Ndxf6 {[%clk 1:21:43]} 16. Rfe1 {[%clk 1:02:46]} Ng7
{[%clk 1:20:53]} 17. h3 {[%clk 1:00:35]} Bxf3 {[%clk 1:20:51]} 18. Bxf3
{[%clk 1:01:01]} Rfd8 {[%clk 1:20:17]} 19. Ne4 {[%clk 0:56:14]} Nxe4
{[%clk 1:20:22]} 20. Bxe4 {[%clk 0:56:34]} Rd7 {[%clk 1:19:08]} 21. d5
{[%clk 0:54:47]} cxd5 {[%clk 1:11:47]} 22. Bxd5 {[%clk 0:55:01]} Rad8
{[%clk 1:11:27]} 23. c5 {[%clk 0:45:36]} e6 {[%clk 1:07:25]} 24. Bxb7
{[%clk 0:44:39]} Qxc5 {[%clk 1:07:30]} 25. Rxd7 {[%clk 0:44:23]} Rxd7
{[%clk 1:07:43]} 26. Be4 {[%clk 0:44:06]} Nh5 {[%clk 1:07:39]} 27. Bf3
{[%clk 0:22:10]} Rd2 {[%clk 1:03:34]} 28. Qb8+ {[%clk 0:22:36]} Kg7
{[%clk 1:03:03]} 29. Qe5+ {[%clk 0:23:02]} Qxe5 {[%clk 1:02:53]} 30. Rxe5
{[%clk 0:23:27]} Nf4 {[%clk 1:01:40]} 31. Ra5 {[%clk 0:22:50]} Rxb2
{[%clk 0:56:06]} 32. Rxa7 {[%clk 0:23:16]} Nd3 {[%clk 0:56:19]} 33. a4
{[%clk 0:23:23]} Rb1+ {[%clk 0:49:05]} 34. Kh2 {[%clk 0:23:30]} Nxf2
{[%clk 0:49:21]} 35. Rd7 {[%clk 0:22:10]} Rb3 {[%clk 0:49:31]} 36. a5
{[%clk 0:10:51]} Nd3 {[%clk 0:49:35]} 37. Be2 {[%clk 0:10:27]} Ne5
{[%clk 0:48:17]} 38. Rc7 {[%clk 0:10:28]} Rb2 {[%clk 0:48:26]} 39. Bf1
{[%clk 0:10:17]} Nf3+ {[%clk 0:48:33]} 40. Kg3 {[%clk 0:09:40]} Nd2
{[%clk 0:48:46]} 41. Be2 {[%clk 0:09:04]} Nb3 {[%clk 0:41:14]} 42. Bc4
{[%clk 0:09:23]} Nxa5 {[%clk 0:41:27]} 43. Bxe6 {[%clk 0:09:48]} Rb7
{[%clk 0:41:34]} 44. Rc5 {[%clk 0:09:02]} fxe6 {[%clk 0:42:10]} 45. Rxa5
{[%clk 0:09:58]} Rb3+ {[%clk 0:37:27]} 46. Kf2 {[%clk 0:10:09]} Kf6
{[%clk 0:37:50]} 47. Rc5 {[%clk 0:10:35]} e5 {[%clk 0:37:50]} 48. Rc4
{[%clk 0:11:02]} Kf5 {[%clk 0:37:39]} 49. Ra4 {[%clk 0:10:21]} Rb2+
{[%clk 0:37:28]} 50. Kf3 {[%clk 0:10:37]} Rb3+ {[%clk 0:37:33]} 51. Kf2
{[%clk 0:11:03]} Rd3 {[%clk 0:37:26]} 52. Rb4 {[%clk 0:10:57]} Ra3
{[%clk 0:37:02]} 53. Rc4 {[%clk 0:11:22]} e4 {[%clk 0:37:20]} 54. Rc7
{[%clk 0:11:09]} Ra2+ {[%clk 0:37:03]} 55. Kg3 {[%clk 0:11:03]} Ra3+
{[%clk 0:34:42]} 56. Kf2 {[%clk 0:11:26]} h5 {[%clk 0:35:00]} 57. Rf7+
{[%clk 0:10:57]} Kg5 {[%clk 0:35:19]} 58. h4+ {[%clk 0:08:19]} Kxh4
{[%clk 0:26:13]} 59. Rf4+ {[%clk 0:08:47]} Kg5 {[%clk 0:26:34]} 60. Rxe4
{[%clk 0:09:16]} h4 {[%clk 0:26:55]} 61. Rb4 {[%clk 0:09:27]} Ra1
{[%clk 0:14:32]} 62. Rb5+ {[%clk 0:09:42]} Kg4 {[%clk 0:14:55]} 63. Rb4+
{[%clk 0:10:08]} Kh5 {[%clk 0:15:20]} 64. Rb5+ {[%clk 0:10:17]} g5
{[%clk 0:15:44]} 65. Rb4 {[%clk 0:10:28]} Rd1 {[%clk 0:10:38]} 66. Ra4
{[%clk 0:10:50]} g4 {[%clk 0:10:02]} 67. Ra5+ {[%clk 0:10:58]} Kg6
{[%clk 0:10:30]} 68. Ra6+ {[%clk 0:08:59]} Kf5 {[%clk 0:10:53]} 69. Ra5+
{[%clk 0:08:01]} Ke4 {[%clk 0:11:16]} 70. Ra4+ {[%clk 0:08:29]} Rd4
{[%clk 0:11:39]} 71. Rxd4+ {[%clk 0:08:37]} Kxd4 {[%clk 0:12:02]} 72. Ke2
{[%clk 0:09:06]} Ke4 {[%clk 0:10:37]} 73. Kf2 {[%clk 0:09:27]} Kd3
{[%clk 0:10:52]} 74. Kf1 {[%clk 0:08:46]} Ke3 {[%clk 0:07:29]} 75. Ke1
{[%clk 0:08:51]} g3 {[%clk 0:07:27]} 76. Kf1 {[%clk 0:09:17]} Kd2
{[%clk 0:07:54]} 77. Kg1 {[%clk 0:09:45]} Ke1 {[%clk 0:08:17]} 78. Kh1
{[%clk 0:10:13]} h3 {[%clk 0:08:38]} 7